Portfolio construction, management, and protection /
This book is divided into four parts: Background, Basic Principles, and Investment Policy; Porfolio Construction; Portfolio Management; and Portfolio Protection and Emerging Topics.
Enregistré dans:
| Auteur principal: | |
|---|---|
| Format: | Livre |
| Langue: | English |
| Publié: |
Cincinnati, OH :
South-Western College,
2000.
|
| Édition: | 2nd ed. |
| Sujets: | |
| Tags: |
Ajouter un tag
Pas de tags, Soyez le premier à ajouter un tag!
|
| Thư viện lưu trữ: | Mạng thư viện Đại học Đà Nẵng |
|---|
| LEADER | 01080cam a2200349 i 4500 | ||
|---|---|---|---|
| 001 | 000047563 | ||
| 003 | 7252 | ||
| 005 | 20030312161149.0 | ||
| 008 | 010316|2000 vm 000 eng | ||
| 020 | |a 0324006195 | ||
| 040 | |a IRC |c IRC |d IRC | ||
| 041 | 0 | |a eng | |
| 082 | 1 | 4 | |a 332.6 |b ST-R |
| 100 | 1 | |a Strong, Robert A. | |
| 245 | 0 | 0 | |a Portfolio construction, management, and protection / |c Robert A. Strong. |
| 250 | |a 2nd ed. | ||
| 260 | |a Cincinnati, OH : |b South-Western College, |c 2000. | ||
| 300 | |a xxi, 601 p. : |b ill. ; |c 25.5cm. | ||
| 520 | 3 | |a This book is divided into four parts: Background, Basic Principles, and Investment Policy; Porfolio Construction; Portfolio Management; and Portfolio Protection and Emerging Topics. | |
| 630 | 0 | 4 | |a Economics. |
| 630 | 0 | 4 | |a Portfolio management. |
| 650 | 0 | 4 | |a Portfolio management. |
| OWN | |a DUT | ||
| 999 | |a From the UDN01 | ||
| TYP | |a Monograph | ||
| TYP | |a Printed language | ||
| 980 | |a Mạng thư viện Đại học Đà Nẵng | ||


